Actualité sportive - Semaine du 17 au 24/08 - Statistiques

Statistiques générales
  • Ce quiz a été pris 40 fois
  • Le résultat moyen est 12 sur 20
Statistiques - réponses
Hint Réponse % Correct
Football - Bundesliga - Pour l'ouverture de la Bundesliga, quel Français a participé à la large victoire du Bayern Munich face à Leipzig en marquant un doublé ? Michael Olise
92%
Football - Ligue 1 - Après une semaine agitée suite à l'affaire Rabiot/Rowe, contre quel promu l'OM s'est-il réconforté avec une victoire 5-2 ? Paris FC
89%
Football - Ligue 1 - Quelle équipe a eu 2 joueurs expulsés dans les 11 premières minutes du match, avant de s'incliner logiquement 4-0 face à Lorient ? Rennes
87%
Football - Serie A - Quel ancien attaquant lillois a marqué lors de la victoire 2 à 0 de la Juventus face à Parme pour la 1re journée de Serie A ? Jonathan David
84%
Tennis - Contre quel joueur russe, ancien vainqueur de ce tournoi en 2021, le Français Benjamin Bonzi s'est-il imposé en 5 sets au bout de la nuit ? Daniil Medvedev
79%
Football - Premier League - Quel attaquant Suédois, transfert majeur de l'été, a inscrit un doublé pour participer à la large victoire d'Arsenal 5 à 0 contre Leeds ? Viktor Gyökeres
79%
Cyclisme - Quelle est la couleur du maillot du leader du classement général de cette course ? Rouge
74%
Cyclisme - Quel est le surnom du Tour d'Espagne, dont la 1ere étape a eu lieu ce samedi ? Vuelta
74%
Tennis - Quel tournoi du Grand Chelem a débuté ce dimanche ? US Open
68%
Tennis - Quelle légende du tennis féminin va entamer ce lundi, à 45 ans, sa 25e participation a ce tournoi ? Venus Williams
68%
Rugby - Coupe du Monde féminine - Contre quelle nation les Bleues se sont-elles imposées 24 à 0 pour leur premier match de ce mondial féminin ? Italie
66%
Football - Quelle équipe danoise les Strasbourgeois ont-ils affronté en barrage aller de la Ligue Conférence ce jeudi, le match se soldant par un 0-0 ? Bröndby IF
63%
Cyclisme - Quel danois a pris la tête de ce tour d'Espagne après sa victoire lors de la 2eme étape ce dimanche ? Jonas Vingegaard
63%
Football - Liga - En plus du Real Madrid et du FC Barcelone, quelle autre équipe a débuté sa saison par 2 victoires ? Villareal
55%
Cyclisme - Quel jeune coureur français de 18 ans est en tête du Tour de L'Avenir ? Paul Seixas
42%
Tennis de table - Quel français s'est incliné avec les honneurs en demi-finale du Grand Smash de Malmö face au numéro 1 mondial chinois Lin Shidong ? Simon Gauzy
42%
Cyclisme - Dans quelle autre discipline du cyclisme Romain Bardet s'est-il reconverti et a-t-il remporté une étape de Coupe du Monde cette semaine ? Gravel
37%
Moto GP - Dans quel pays Marc Marquez a-t-il remporté une nouvelle course ce dimanche ? Hongrie
29%
Basket - Euro masculin - Quel meneur français est contraint de déclarer forfait à 4 jours du début du tournoi face à la Belgique ? Matthew Strazel
26%
Rugby Championship - Quel 2eme ligne sud-africain, ancien joueur toulonnais, a inscrit l'essai victorieux en fin de match face à l'Australie ? Eben Etzebeth
24%
Aucun quiz correspondant
Distribution des résultats
% des personnes avec chaque résultat
Percentile par nombre de réponses
Votre historique - résultats
Vous n’avez pas pris ce quiz